| 000 | 00590nam a22001697a 4500 | ||
|---|---|---|---|
| 003 | OSt | ||
| 005 | 20260303115318.0 | ||
| 008 | 260303b |||||||| |||| 00| 0 eng d | ||
| 040 | _cMRSPTU | ||
| 041 | _aEnglish | ||
| 100 | _aRajesh Kumar Jindal, Supervisor: Dr. Sanjiv Kumar Aggarwal | ||
| 245 | _aFinancial Implications of Designing Earthquake Resistant Buildings in Different Seismic Zones of India | ||
| 260 |
_bDepartment of Civil Engg. MRSPTU, Bathinda _c2015 |
||
| 650 | _aCivil Engineering | ||
| 856 | _uhttp://163.47.215.52:8080/jspui/handle/123456789/1142 | ||
| 942 |
_2ddc _cTH _n0 |
||
| 999 |
_c11046 _d11046 |
||